[Event "Baku FIDE GP"]
[Site "Baku"]
[Date "2014.10.13"]
[Round "10"]
[White "Kasimdzhanov, Rustam"]
[Black "Grischuk, Alexander"]
[Result "0-1"]
[WhiteElo "2706"]
[BlackElo "2797"]
[Annotator "Krasenkow,Michal"]
[PlyCount "66"]
[EventDate "2014.10.02"]
[EventType "tourn"]
[EventRounds "11"]
[EventCountry "AZE"]
[EventCategory "21"]
[SourceTitle "CBM 163"]
[Source "ChessBase"]
[SourceDate "2014.11.11"]
[SourceVersion "1"]
[SourceVersionDate "2014.11.11"]
[SourceQuality "1"]

1. d4 d5 2. c4 e6 3. Nc3 c6 4. e3 Nd7 {This move has a certain drawback compared to} (4... Bd6 {, which was examined in my theoretical survey in CBM 151}) 5. Qc2 Nh6 $146 ({The point is that to} 5... f5 {White replies} 6. cxd5 $1 cxd5 (6... exd5 7. Qxf5) 7. Nb5 {[%cal Rb5c7]} Bb4+ 8. Bd2 Bxd2+ 9. Kxd2 Rb8 10. Bd3 Ngf6 11. Nc7+ Kf7 12. Nf3 Ne4+ 13. Ke2 {- both kings are uncastled but White controls the c-file and dark squares and therefore keeps the better prospects.}) {With the text move Black wants to push ...f7-f5 after all (instead of transposing to a normal Anti-Meran with ...g8-f6); however, the h6-knight is not placed perfectly.} 6. Bd2 (6. e4 {is met with} e5 $1 {but still needs serious analysis: it leads to a tense fight in the centre after, say,} 7. Nf3 (7. Bxh6 $5 exd4 8. Bd2 dxc3 9. Bxc3) 7... dxe4 8. Nxe4 f5 (8... Nf5 9. dxe5 Nxe5 10. Nxe5 Qa5+ 11. Bd2 Qxe5 12. Bc3 Nd4 13. O-O-O $36) 9. Neg5 {etc., and Black's h6-knight is clearly misplaced.}) 6... f5 $5 7. cxd5 {I don't like this move opening up Black's c8-bishop.} (7. O-O-O $5) (7. Nf3 $5) 7... exd5 8. Bd3 Bd6 $5 {A typical pawn sacrifice.} 9. O-O-O $146 (9. Bxf5 Nxf5 10. Qxf5 Nf6 11. Qd3 O-O {, and Black's domination on the light squares gives him excellent compensation.}) ({RR} 9. Nge2 Nf6 10. f3 Qc7 11. O-O-O Bd7 12. h3 O-O-O 13. Kb1 Kb8 14. Rc1 Bc8 15. g4 fxg4 16. hxg4 Nf7 17. e4 dxe4 18. Nxe4 Nxe4 19. Bxe4 Qe7 20. Nc3 Ng5 21. d5 c5 22. Bxg5 Qxg5 23. Bxh7 Qf4 {Narayanan,S (2494)-Haria,R (2416) Doha 2015 1-0 (57)}) 9... Nb6 10. h3 Be6 {Black prepares long castling, not being willing to come under attack after the possible ...0-0 g2-g4!} 11. Nf3 (11. g4 Qd7) (11. Nge2 $5 Qe7 {[%cal Ye8c8]} 12. f3 {[%cal Yg2g4] was an interesting try (recommended by IM M.Notkin).}) 11... Qe7 12. Ne2 O-O-O 13. Nf4 Bd7 14. Ba5 (14. Ne5 $5 Kb8 $1 (14... Bxe5 $143 15. dxe5 Qxe5 16. Bc3 Qe7 17. Bd4 $36 {[%csl Gd4]}) 15. Kb1 Bc8 {[%cal Yb6d7]}) 14... Kb8 15. Qb3 Bc7 16. Bc2 {Too slow.} ({It was better to play} 16. Bb4 Qf6 17. Ne5 {[%cal Ya2a4] after all.}) 16... Nf7 17. Nd3 Bc8 18. Nc5 g5 $5 {[%mdl 128] Black starts his own kingside counterplay.} 19. Kb1 Rde8 20. Rhe1 $6 (20. g3 $142 {(M.Notkin)} h5 (20... f4 $6 21. exf4 gxf4 22. gxf4 {[%cal Rf3e5]} Bxf4 23. Bxb6 axb6 24. Qxb6) 21. h4 $1 g4 22. Ne1 {stopping Black's pawns, and the position remains equal.}) 20... h5 21. Nd3 g4 $1 22. Ng1 (22. hxg4 hxg4 23. Nd2 Rh2 $17) (22. Nd2 gxh3 23. gxh3 Ng5 $36) 22... h4 23. Ne2 Rhg8 (23... g3 $1 {was already strong enough:} 24. f4 (24. fxg3 Nc4 $36) 24... Qxe3 (24... Nc4 $143 25. Bxc7+ Qxc7 26. Ne5) 25. Ng1 Qxd4 26. Bc3 Qc4 27. Bxh8 Rxh8 {with two pawns for an exchange and a clear advantage}) (23... Nc4 {was good, too.}) 24. a3 $6 (24. Nef4 $1 {was a must.}) 24... g3 $1 {White's e3-pawn is his most vulnerable point. Its collapse ruins his whole position.} 25. fxg3 (25. f4 Qxe3 26. Ng1 Qxd4 27. Ne5 Qxf4 28. Nxf7 Rxe1 29. Bxe1 Rf8 {(M.Notkin)} 30. Bd2 Qf2 31. Ng5 Nc4 32. N1f3 Qxg2 $19) 25... Nc4 $1 26. Bxc7+ Qxc7 27. gxh4 Nxe3 28. Ndf4 {Desperation.} (28. Rc1 Nxg2) (28. Rd2 Rxg2 29. Ndf4 Rf2 30. Nd3 Nc4 $1 $19) 28... Nxd1 29. Rxd1 Nd6 30. Ka2 Nc4 31. Rd3 $2 {[%mdl 8192]} (31. Bd3 Ne3 32. Rg1 {was the last chance to fight on although Black should eventually convert his material advantage.}) 31... Rxg2 $1 32. Nxg2 Rxe2 33. Ne3 Qh2 0-1

[Event "Baku FIDE GP"]
[Site "Baku"]
[Date "2014.10.03"]
[Round "2"]
[White "Svidler, Peter"]
[Black "Mamedyarov, Shakhriyar"]
[Result "1-0"]
[WhiteElo "2732"]
[BlackElo "2764"]
[Annotator "Krasenkow,Michal"]
[PlyCount "71"]
[EventDate "2014.10.02"]
[EventType "tourn"]
[EventRounds "11"]
[EventCountry "AZE"]
[EventCategory "21"]
[SourceTitle "CBM 163"]
[Source "ChessBase"]
[SourceDate "2014.11.11"]
[SourceVersion "1"]
[SourceVersionDate "2014.11.11"]
[SourceQuality "1"]

1. d4 d5 2. c4 e6 3. Nc3 Be7 4. cxd5 exd5 5. Bf4 c6 6. e3 Bf5 7. g4 Be6 8. h3 Nd7 9. Qb3 $146 {A new move in this classic line, to which Black replies in an even more unusual manner.} (9. Bd3 {or}) (9. Nf3 {are common continuations.}) ({RR} 9. Bd3 h5 10. gxh5 Ngf6 11. h6 g6 12. Qc2 Nh5 13. Bh2 Rxh6 14. O-O-O Ndf6 15. Kb1 Bd6 16. Nf3 Bxh2 17. Rxh2 Ng7 18. Ne5 Bf5 19. f3 Bxd3 20. Rxd3 Ne6 21. e4 Kf8 22. Qb3 Qe7 23. exd5 Nxd5 {Ding Liren (2780)-Giri,A (2749) Wijk aan Zee NED 2024 ½-½ (34)}) ({RR} 9. Nf3 g5 10. Bg3 h5 11. gxh5 Rxh5 12. Bg2 Qb6 13. Qe2 Ngf6 14. Ne5 Rh7 15. Qc2 Nf8 16. O-O-O Nh5 17. Bh2 Ng7 18. e4 dxe4 19. Bxe4 Rxh3 20. d5 Rxc3 21. Qxc3 cxd5 22. Bxd5 Rc8 23. Qc5 Rc7 {Georgiadis,A (2109)-Kovalskyi,R (2213) Krakow POL 2025 1-0}) 9... b5 $6 {It is not so easy for White to make use of the weakness of Black's c6-pawn but still, it can be a long-term defect of Black's position.} (9... Qb6 {looks logical but after} 10. Qc2 {Black's queen is a bit misplaced.}) (9... Nb6 $5 {is interesting, and if} 10. Nf3 {then} g5 {[%cal Yh7h5]}) 10. Nf3 h6 $146 (10... g5 $5 {[%cal Yh7h5] deserves attention here, too.}) ({RR} 10... g5 11. Bh2 h5 12. O-O-O Qa5 13. Ne5 Nxe5 14. Bxe5 Bf6 15. Bxf6 Nxf6 16. Be2 Ne4 17. Nxe4 dxe4 18. d5 Bxd5 19. Rxd5 cxd5 20. Qxd5 Rc8+ 21. Kb1 Qc7 22. Qxe4+ Qe7 23. Bxb5+ Kf8 24. Qd4 Rh6 25. Rd1 {Sorm,D (2347)-Nguyen,T (2577) Czech Republic 2021 0-1 (61)}) ({RR} 10... g5 11. Bh2 h5 12. O-O-O Qa5 13. Ne5 Nxe5 14. Bxe5 Bf6 15. Bxf6 Nxf6 16. Be2 Ne4 17. Nxe4 dxe4 18. d5 Bxd5 19. Rxd5 cxd5 20. Qxd5 Rc8+ 21. Kb1 Qc7 22. Qxe4+ Qe7 23. Bxb5+ Kf8 24. Qd4 Rh6 25. Rd1 {Sorm,D (2347)-Nguyen,T (2577) Czech Republic 2021 0-1 (61)}) 11. Bd3 Ngf6 12. Qc2 Rc8 13. O-O b4 14. Ne2 {Since Black is obviously preparing ...c6-c5 transforming into a position with the isolated central pawn, it was also interesting to play} (14. Na4 {, forcing more exchanges on c5 (or even playing a4-c5, if possible). An interesting line:} Qa5 15. a3 $1 bxa3 16. Nc5 $1 Bxc5 (16... Nxc5 17. Rxa3 Qb4 18. dxc5 Qxc5 19. Rc3 Qb6 20. Nd4 $16 c5 21. Nxe6 fxe6 22. Rb3 Qd8 23. Bg6+ $40) 17. dxc5 Nxc5 18. Rxa3 $44 {}) 14... c5 (14... Qb6 15. Ng3 $36 {[%cal Yg3f5]}) 15. dxc5 (15. Ba6 {was more ambitious, keeping pressure after} Rc6 (15... c4 16. Bxc8 Qxc8 17. Ng3 {is hardly enough for equality, either, although it is not easy for White to convert his material advantage}) 16. Qa4 Rb6 17. dxc5 Bxc5 18. Rac1 O-O 19. Nfd4) 15... Nxc5 16. Ned4 O-O 17. Rac1 Bd6 {A strange idea: Black is ready to voluntarily exchange his bishop protecting the dark squares.} (17... Nfe4 $142 18. Ne5 Qb6 $14 {M.Notkin.}) 18. Ne5 {[%cal Re5c6]} (18. Bxd6 Qxd6 19. Nf5 {was also possible.}) 18... Nxd3 (18... Nce4 19. Nec6 Qd7 20. Ba6 $16) 19. Qxd3 Qb6 20. Qb5 $1 {[%mdl 32] Correct! Fighting against the isolani, it is desirable to simplify the game.} Bc5 21. Qxb6 axb6 (21... Bxb6 22. Nec6) 22. Nd3 {Black's bishop can't avoid an exchange, and White can prepare the most appropriate moment to capture it.} Nd7 (22... Bxd4 23. exd4 Rc4 24. Be5 {is in White's favour as the b4-pawn will soon fall.}) 23. b3 Rfe8 24. Nb5 h5 25. f3 hxg4 26. hxg4 Red8 27. Kg2 f6 28. Rfd1 Bf7 29. Nxc5 {White picks quite a good moment for this capture.} Rxc5 {After this move Black remains in a dull position with a lot of weaknesses.} (29... bxc5 {was possible:} {Instead, White can win a pawn:} 30. Nc7 $5 (30. Nd6 Ra8 31. Nxf7 Kxf7 32. Rxd5 Rxa2+ 33. Kg3 Ra7 34. e4 (34. Rcd1 g5 $1) 34... Rc8 {Black gets rid of the pin and has good drawing chances}) 30... c4 31. Na6 Nc5 32. Nxb4 cxb3 33. axb3 Nxb3 34. Rxc8 Rxc8 35. Nxd5 {It may be insufficient for a victory but White can torture his opponent for a long time.}) 30. Nd4 Ra8 (30... Rdc8 $142 31. Ra1 Ne5 {M.Notkin.}) 31. Bd6 $1 {White sacrifices his a2-pawn but his rook can now invade Black's position along the c- or a-file.} Rxa2+ 32. Kg3 Rb2 {Black is ready to sacrifice an exchange on c5 but his move, ceding the a-file, is not a good version.} (32... Rxc1 33. Rxc1 {[%cal Rc1c8]} Ra8 34. Bxb4 $16) ({In the event of} 32... Ra3 {White needn't hurry:} 33. Rb1 $1 {, threatening xc5 bxc5 b5 and then d6 or c7.}) (32... Ra8 $5 {was probably a better option.}) 33. Ra1 $1 Rc8 $2 {[%mdl 8192] This allows White to trap Black's b2-rook.} (33... Ra5 $8 34. Bxb4 Raa2 $8 {but White should win in any case after} 35. Rxa2 Rxa2 36. Rc1 Ne5 37. Rc8+ Kh7 38. Rc7 Kg8 39. Rb7) 34. Bxb4 {[%cal Rb4a3]} Nc5 35. Ba3 Rxb3 36. Bxc5 1-0

[Event "EU-Cup 29th"]
[Site "Rhodes"]
[Date "2013.10.24"]
[Round "5.3"]
[White "Vitiugov, Nikita"]
[Black "Georgiev, Kiril"]
[Result "1-0"]
[WhiteElo "2729"]
[BlackElo "2664"]
[Annotator "Krasenkow,Michal"]
[PlyCount "95"]
[EventDate "2013.10.20"]
[EventType "team-swiss"]
[EventRounds "7"]
[EventCountry "GRE"]
[SourceTitle "CBM 157"]
[Source "ChessBase"]
[SourceDate "2013.11.12"]
[SourceVersion "1"]
[SourceVersionDate "2013.11.12"]
[SourceQuality "1"]
[WhiteTeam "St Petersburg"]
[BlackTeam "Padova"]
[WhiteTeamCountry "RUS"]
[BlackTeamCountry "ITA"]

1. d4 d5 2. c4 e6 3. Nc3 c6 4. e4 Bb4 (4... dxe4 5. Nxe4 Bb4+ 6. Bd2 Qxd4 7. Bxb4 Qxe4+ {is the main line.}) 5. Bd2 {This move has recently become popular. White "insists" on a pawn sacrifice.} dxc4 (5... dxe4 6. Nxe4 Qxd4 {again leads to the main line.}) 6. Bxc4 Qxd4 {An "alternative" way to capture the pawn also gives White compensation due to his development advantage. However, Black's position remains more solid, and he castles without problems. In fact, White's activity is only enough to maintain the dynamic balance.} 7. Qe2 Nf6 (7... e5 {- see Ezat - Mamedyarov in CBM 134, annotated by GM L.Ftacnik}) (7... Nd7 8. Nf3 Qb6 9. O-O Ne7 10. a3 Bxc3 11. Bxc3 O-O 12. Rad1 $36 {1-0 (43) Smith,A (2484)-Liiva,R (2451) Puhajarve EST 2012}) (7... Qd8 8. Nf3 Nd7 9. O-O Ne7 (9... Ngf6 10. Rad1 Be7 11. Bb3 Qc7 12. Rfe1 h6 13. e5 Nd5 14. Rc1 Nxc3 15. Rxc3 Nb6 16. Nd4 $36 {[%cal Yc3g3] 1-0 (30) Tomashevsky,E (2722)-Yudin,S (2548) Loo RUS 2013}) 10. a3 Ba5 11. Rad1 Ng6 12. e5 Bxc3 13. Bxc3 Qc7 14. Ng5 Nb6 15. Ba2 Nd5 16. Rfe1 O-O $13 {0-1 (38) Akshat,K (2393)-Hansen,S (2561) Bangkok THA 2013}) 8. e5 (8. Nf3 Qd8 9. a3 Be7 10. O-O O-O 11. Bf4 b5 12. Rad1 Nbd7 13. Ba2 Bb7 14. Rd2 Qb6 15. Rfd1 Rad8 $13 {1-0 (40) Zhigalko,A (2566)-Huschenbeth,N (2450) Moscow 2011}) 8... Nd5 9. Nf3 Qb6 10. O-O Nd7 11. Rfe1 $146 (11. Ne4 Be7 (11... h6 $2 12. Bxb4 Nxb4 13. Nd6+ Ke7 14. Rfd1 Rd8 15. Bxe6 fxe6 16. Nh4 Kf8 17. Ng6+ Kg8 18. Ne7+ {1-0 (18) Monacell,J (2412)-Myatt,J (2313) IECG 2001}) 12. Bg5 f6 13. exf6 N7xf6 $13 14. Nxf6+ Bxf6 15. Bxf6 gxf6 {[%cal Ye8g8]}) ({RR} 11. Ne4 Be7 12. Bg5 f6 13. exf6 N7xf6 14. Rad1 O-O 15. Ne5 Qc7 16. Ng3 Bd6 17. Nd3 b5 18. Bb3 c5 19. Bxf6 Nxf6 20. Bxe6+ Kh8 21. Bxc8 Raxc8 22. f4 Rce8 23. Qd2 c4 24. Ne1 Bc5+ 25. Kh1 Ng4 {Maksimenko,A (2481)-Skawinski,A (2358) Zgierz 2017 ½-½ (58)}) 11... O-O 12. Bd3 {White is threatening a well-known combination: 13.xh7+ xh7 14.g5+ etc.} f5 (12... g6 {doesn't look safe.}) 13. exf6 N7xf6 {Black's pawn structure is damaged but he has an extra pawn after all!} 14. a3 Bd6 15. Ne4 Bf4 16. Neg5 (16. g3 Bxd2 17. Qxd2 Nxe4 18. Bxe4 Bd7 19. Ne5 Rad8 $13) 16... Bd7 ({Black had a good opportunity to simplify the game:} 16... h6 $5 17. Nxe6 Re8 18. Bf5 Bxd2 19. Qxd2 c5 20. Nf4 $1 Bxf5 21. Nxd5 Nxd5 22. Qxd5+ Be6 $11) 17. Bxf4 Nxf4 18. Qd2 Nxd3 19. Qxd3 h6 20. Nxe6 Bxe6 21. Rxe6 Qxb2 {But here he has no major problems either.} 22. Ree1 {White keeps up the tension instead of regaining material and equalising:} (22. Rb1 Qa2 23. Re7 b6 24. Qg6 Rf7 25. Rxf7 Qxf7 26. Qxf7+ Kxf7 27. Ne5+ Ke6 28. Nxc6 $11) 22... Qb5 23. Qc2 Nd5 24. Nd4 (24. Rab1 Qa5 $1 25. Rxb7 $140 $4 Rxf3) 24... Qa5 25. Nf5 Qc7 (25... Rf6 {[%cal Ya8f8] was the simplest course.}) 26. Re6 Rf6 $6 (26... Qf4 $5 27. Ne7+ Nxe7 28. Rxe7 Rf7) 27. Rxf6 Nxf6 28. Re1 Nd5 (28... Kh8 $1 {was the best move now but not easy to find. If} 29. Ne7 ({or} 29. Nh4) {then} 29... Re8 $1 {keeping an extra pawn, although hardly convertable.}) 29. Qb2 Qf7 30. Nd6 Qg6 31. Qxb7 {White has recaptured the pawn in a good version, keeping a better pawn structure and a safer king. Still, Black has enough counter-chances.} Rf8 32. Ne4 Nf4 33. Ng3 h5 (33... Qd6 $5 34. Qxa7 Qd5 35. Ne4 $8 Nd3 36. Re3 Nc5 $1 37. Ng3 Qd2 38. Rf3 Rxf3 39. gxf3 Nd3 40. Qe3 Qd1+ 41. Nf1 g5 42. Qe6+ Kg7 43. Qxc6 Nf4 $11) 34. h4 Nd3 $6 (34... Qf6 $142 35. Qxa7 Qxh4) 35. Qb3+ Kh7 $2 {[%mdl 8192] Time pressure?} (35... Kh8 {was the only move.} 36. Re6 $2 {didn't work in that case due to} Qf7) 36. Re6 Nc5 (36... Rb8 $1 37. Qc4 (37. Qxb8 Qxe6 38. Qxa7 c5) 37... Rb1+ 38. Kh2 Rc1 $1 39. Qb3 Nc5 $1 {was the best chance, very difficult to find, but even then White should probably win after} 40. Rxg6 Nxb3 41. Rd6 Rc4 42. Kh3 g6 43. Rd7+ Kh6 44. Rxa7) 37. Rxg6 Nxb3 38. Rxc6 {White has won a pawn; moreover, Black, due to the poor position of his pieces, is about to lose another one.} Rf4 39. Rc7 Rxh4 40. Rxa7 Nd4 41. f3 Kg6 42. Kf2 (42. a4 $142 {, and Black has no useful moves, e.g.} Nc6 43. Rxg7+ Kxg7 44. Nf5+ $18) 42... Ne6 43. Ra5 Nf4 (43... Rc4 44. Ra6 Kf7 45. Nxh5 Rc2+ 46. Kg3 g5 47. Kh3 $18) 44. Kg1 Ne6 45. Re5 Kf6 46. Rf5+ Kg6 47. Ra5 Nf4 $2 {A blunder in a lost position.} 48. Nf5 1-0

[Event "Biel Suri Memorial"]
[Site "Biel"]
[Date "2014.07.22"]
[Round "8"]
[White "Wojtaszek, Radoslaw"]
[Black "Giri, Anish"]
[Result "1/2-1/2"]
[WhiteElo "2733"]
[BlackElo "2750"]
[Annotator "Krasenkow,Michal"]
[PlyCount "100"]
[EventDate "2014.07.14"]
[EventType "tourn"]
[EventRounds "10"]
[EventCountry "SUI"]
[EventCategory "19"]
[SourceTitle "CBM 162"]
[Source "ChessBase"]
[SourceDate "2014.09.17"]
[SourceVersion "1"]
[SourceVersionDate "2014.09.17"]
[SourceQuality "1"]

1. d4 d5 2. c4 e6 3. Nc3 c6 4. e4 dxe4 5. Nxe4 Bb4+ 6. Bd2 Qxd4 7. Bxb4 Qxe4+ 8. Ne2 Na6 ({I recommended} 8... Nd7 {in CBM 152; the text move is more popular.}) 9. Bf8 Ne7 10. Bxg7 Nb4 11. Qd6 {This move allows Black to liquidate into a quiet ending. Instead,} (11. Bxh8 e5 {leads to immense complications.}) 11... Nd3+ $1 12. Kd2 Nf5 13. Qxd3 Qxd3+ 14. Kxd3 Nxg7 {A well-known position considered quite satisfactory for Black. The present game doesn't change that conclusion.} 15. Kc3 (15. Ng3 c5 (15... b6 $143 16. c5 $1 Ke7 17. Kc3 Rd8 18. f4 bxc5 19. Re1 Ne8 20. Ne4 Nf6 21. Nxf6 Kxf6 22. Bd3 h6 23. Re5 Rd5 24. Rhe1 Bb7 25. Bc4 $14 {1-0 (58) Pruess,D (2376)-Shulman,Y (2559) Connecticut 2004}) 16. Be2 b6 17. Bf3 Rb8 18. Kc3 (18. Rad1 Bb7 19. Bxb7 Rxb7 20. Ke4 h5 21. h4 Rh6 22. f4 Rg6 23. Kf3 Rd7 $11 {1/2 (59) Van Oosterom,J (2655)-Tomkovich,V (2505) ICCF 1996}) 18... Bb7 19. Bxb7 Rxb7 20. Rad1 Ke7 21. Rhe1 Rbb8 22. a3 Rhd8 23. Rxd8 Rxd8 24. b4 Rc8 25. Ne4 cxb4+ 26. axb4 Ne8 27. f4 Nc7 28. Kb3 Rd8 $11 {0-1 (62) Dobrov,V (2492)-Frolyanov,D (2556) Sochi 2012}) 15... b6 {Black has other good continuations:} (15... e5 16. Re1 O-O 17. f4 Re8 (17... e4 $5 18. Nd4 f5) 18. Ng3 exf4 19. Rxe8+ Nxe8 20. Nh5 Bf5 21. Be2 Nd6 22. Bf3 Bg6 23. Nxf4 Ne4+ 24. Bxe4 Bxe4 25. Rd1 $14 {1/2 (56) Kharlov,A (2633)-Galkin,A (2569) Dubai 2002}) (15... Bd7 16. c5 (16. Ng3 $5 O-O-O 17. Ne4) 16... e5 17. Ng3 Ne6 18. Ne4 Ke7 19. Bc4 f5 20. Bxe6 Bxe6 21. Nd6 b6 $132 {0-1 (41) Romanko,M (2399)-Goryachkina,A (2333) Pushchino 2012}) (15... Ke7 16. Re1 (16. Ng3 c5 17. Bd3 b6 18. Be4 Rb8 19. Rhe1 Bb7 20. Rad1 Bxe4 21. Rxe4 f5 22. Ree1 Rbd8 23. b4 Rxd1 24. Rxd1 Rc8 25. b5 Ne8 26. Nh5 Rd8 $11 {0-1 (52) Kharlov,A (2633)-Galkin,A (2569) Batumi 2002}) 16... Bd7 17. g3 Rad8 18. Bg2 f6 19. f4 h5 20. Nc1 Be8 21. b4 Bg6 $132 {1/2 (54) Aleksandrov,A (2617)-Zhigalko,S (2668) Minsk 2010}) (15... c5 16. g3 Bd7 (16... b6 17. Bg2 Rb8 18. Rhd1 Bb7 19. Bxb7 Rxb7 20. Rd3 Rd7 21. Rad1 Rxd3+ 22. Rxd3 Ke7 23. Kc2 Rb8 24. Ra3 Rb7 25. g4 h5 26. gxh5 Nxh5 27. Nc3 Nf6 28. h3 Nd7 29. Nb5 a5 $11 {1/2 (56) Vaisser,A (2580)-Flear,G (2495) San Sebastian 1992}) 17. Bg2 O-O-O 18. Rad1 (18. Rab1 e5 19. Rhe1 {1/2 (19) Dorfman,I (2580)-Kashlinskaya,A (2422) Podebrady CZE 2013}) 18... Kc7 19. Nf4 Bc6 20. Bxc6 Kxc6 21. Nd3 f6 22. Rhe1 Rd6 23. Nf4 Rhd8 24. Rxd6+ Rxd6 25. a3 a6 26. b4 b5 27. Nd3 cxb4+ 28. axb4 bxc4 29. Kxc4 Ne8 30. Nc5 e5 31. Ra1 Rd4+ 32. Kb3 Nc7 33. Nxa6 Nd5 $11 {1/2 (58) Dreev,A (2654)-Zhigalko,S (2656) Jurmala 2013}) 16. g4 {This move restricts Black's g7 knight but allows the undermining by ...h7-h5. However, other options are hardly promising either:} (16. g3 Bb7 17. Bg2 O-O-O 18. Rhd1 c5 19. Bxb7+ Kxb7 20. Ng1 Nf5 21. Nf3 f6 22. Rd2 e5 23. Re1 Nd4 24. Nxd4 Rxd4 25. Rxd4 cxd4+ 26. Kd3 Kc6 27. f4 Kd6 28. fxe5+ fxe5 29. Rf1 Ke6 $11 {1/2 (42) Gundavaa,B (2516)-Frolyanov,D (2570) Khanty-Mansiysk 2013}) ({After} 16. c5 {Black now obtains counterplay by means of} Nh5 {[%cal Yh5f6]}) 16... Bb7 17. Bg2 O-O-O 18. Rad1 h5 19. g5 c5 20. Bxb7+ Kxb7 21. Nf4 Nf5 $1 {[%mdl 512] This temporary pawn sacrifice solves Black's problems.} 22. Rxd8 Rxd8 {[%mdl 4096]} 23. Nxh5 Rg8 $1 24. h4 (24. f4 $6 Rh8 25. Nf6 (25. Ng3 {is impossible - that's the point behind 23...g8!}) 25... Rh3+) (24. Rg1 {had been already seen in practice:} Rh8 25. Ng3 Rxh2 26. Nxf5 exf5 27. Re1 Rxf2 28. Re7+ Kc6 29. Rxf7 Rf3+ 30. Kd2 Rg3 $5 {(the simplest: Black's active rook guarantees him a draw)} 31. Rxf5 Kd6 32. Rd5+ Ke6 33. Kc2 Rg2+ 34. Kb3 Rg3+ 35. Ka4 Rg2 36. Ka3 Rg3+ 37. Ka4 Rg2 38. Ka3 Rg3+ 39. b3 Rg2 40. Rd8 Rxg5 41. Ka4 Rg2 42. a3 Rg3 43. Ra8 Kd6 44. Rxa7 Kc6 $11 {1/2 (52) Timofeev,A (2641)-Frolyanov,D (2564) Tyumen 2012}) 24... Rh8 25. Ng3 Rxh4 26. Rxh4 Nxh4 {White has a marginal space advantage but Black easily steer the game to a draw:} 27. Ne4 Kc6 28. Kd3 $146 ({RR} 28. a3 a6 29. a4 Nf3 30. Kd3 Ne5+ 31. Kc3 Nf3 32. Kd3 Ne5+ 33. Kc3 Nf3 34. Kd3 Ne5+ 35. Kc3 Nf3 {½-½ (36) Remolar Gallen,J (2344)-Randazzo,A (2221) Vega de San Mateo ESP 2025}) 28... Ng6 29. Ke3 Ne5 30. b3 Kd7 31. Nf6+ Ke7 32. Ke4 Nc6 33. Ng4 Nd4 34. b4 Ne2 35. bxc5 bxc5 36. a3 Nd4 37. Ne5 a6 38. f4 a5 39. a4 Ne2 40. Nc6+ Kd6 41. Nd8 (41. Nxa5 Nc3+ 42. Kd3 Nxa4 $11) 41... Ke7 42. Nb7 Nc3+ 43. Ke5 Nxa4 44. Nxa5 Nb6 45. Ke4 f6 46. Nc6+ Kf7 47. Nd8+ Kg6 48. Nxe6 fxg5 49. fxg5 Nxc4 50. Nxc5 Kxg5 1/2-1/2